Country Shapes Slideshow - Statistics

General Stats
  • This quiz has been taken 39,763 times
  • The average score is 8 of 12
Answer Stats
Answer % Correct
Mali
88%
Laos
85%
Saudi Arabia
81%
Sudan
77%
Switzerland
76%
Oman
69%
Afghanistan
66%
North Korea
64%
Romania
63%
Nigeria
58%
Taiwan
58%
Kuwait
44%
No matching quizzes found
Score Distribution
Percent of People with Each Score
Percentile by Number Answered
Your Score History
You have not taken this quiz